Jesús, el maestro : (Registro nro. 33672)
[ vista simple ]
| 000 -CABECERA | |
|---|---|
| campo de control de longitud fija | 00540nam a2200145 a 4500 |
| 001 - NÚMERO DE CONTROL | |
| campo de control | 000034181 |
| 005 - FECHA Y HORA DE LA ÚLTIMA TRANSACCIÓN | |
| campo de control | 20200930070838.0 |
| 008 - DATOS DE LONGITUD FIJA--INFORMACIÓN GENERAL | |
| campo de control de longitud fija | 110926s2006 br 000 0 spa d |
| 040 ## - FUENTE DE LA CATALOGACIÓN | |
| Centro catalogador/agencia de origen | DO-SdBNP |
| Lengua de catalogación | spa |
| Centro/agencia transcriptor | BNPHU |
| 049 ## - FONDOS LOCALES (OCLC) | |
| Fondos de biblioteca | BNPD |
| 100 1# - ENTRADA PRINCIPAL--NOMBRE DE PERSONA | |
| Nombre de persona | Nales Pérez, Nereida |
| 9 (RLIN) | 59606 |
| 245 10 - MENCIÓN DE TÍTULO | |
| Título | Jesús, el maestro : |
| Resto del título | su plan educativo transformador, para ejercer una educación cristiana que ayude al discípulo a transformar su vida / |
| Mención de responsabilidad, etc. | Nereida Nales Pérez. |
| 260 ## - PUBLICACIÓN, DISTRIBUCIÓN, ETC. | |
| Lugar de publicación, distribución, etc. | Río Piedra : |
| Nombre del editor, distribuidor, etc. | Fundación Palabra y Más, |
| Fecha de publicación, distribución, etc. | 2006. |
| 300 ## - DESCRIPCIÓN FÍSICA | |
| Extensión | 144 p. ; |
| Dimensiones | 23 cm. |
| Estado de retiro | Estado de pérdida | Restricciones de uso | No para préstamo | Código de colección | Localización permanente | Ubicación/localización actual | Ubicación en estantería | Fecha de adquisición | Número de inventario | Total de préstamos | Signatura topográfica completa | Código de barras | Fecha visto por última vez | Precio válido a partir de | Tipo de ítem Koha | Número de copia |
|---|---|---|---|---|---|---|---|---|---|---|---|---|---|---|---|---|
| Excluido de préstamo | Monografías: Libros y Folletos | General | General | En catalogación | 26.09.2011 | LF1 | 34181-10 | 25.06.2020 | 25.06.2020 | No se presta | ||||||
| Excluido de préstamo | Monografías: Libros y Folletos | General | General | En catalogación | 26.09.2011 | LF1 | 34181-20 | 25.06.2020 | 25.06.2020 | No se presta | e. 2 | |||||
| Monografías: Libros y Folletos | General | General | En catalogación | 05.10.2011 | LF1 | 34181-30 | 25.06.2020 | 25.06.2020 | Préstamo en sala | e. 3 |
